[Event "Mumbai Wealth op U13"]
[Site "Mumbai"]
[Date "2016.02.04"]
[Round "8"]
[White "Chitnis, Kanika"]
[Black "Arya, Ranjan"]
[Result "1/2-1/2"]
[WhiteElo "1082"]
[BlackElo "1211"]
[PlyCount "59"]
[EventDate "2016.01.28"]
[EventType "swiss"]
[EventRounds "9"]
[EventCountry "IND"]
[SourceTitle "CBM 170 Extra"]
[Source "ChessBase"]
[SourceDate "2016.02.25"]
[SourceVersion "1"]
[SourceVersionDate "2016.02.25"]
[SourceQuality "1"]

1. e4 e5 2. Nf3 Nc6 3. d4 exd4 4. Bc4 Bb4+ 5. c3 dxc3 6. bxc3 Bd6 7. 0-0 Nf6 8. Re1 Be5 9. Bg5 0-0 10. Bb3 d6 11. Nxe5 dxe5 12. Qxd8 Rxd8 13. Bxf6 gxf6 14. Re2 Be6 15. Bc2 Rd6 16. Nd2 Rad8 17. Nf3 Bg4 18. Re3 Kh8 19. h3 Bh5 20. Rb1 b6 21. a3 Na5 22. Rb4 Bxf3 23. Rxf3 c5 24. Rb1 Nc4 25. Ra1 Rg8 26. Rg3 Rf8 27. Rf3 Rg8 28. Rg3 Rf8 29. Rf3 Rg8 30. Rg3 1/2-1/2

[Event "Mumbai Wealth op"]
[Site "Mumbai"]
[Date "2016.02.02"]
[Round "6"]
[White "Arya, Ranjan"]
[Black "Omkar, Paldhe"]
[Result "0-1"]
[WhiteElo "1211"]
[BlackElo "1382"]
[PlyCount "94"]
[EventDate "2016.01.28"]
[EventType "swiss"]
[EventRounds "9"]
[EventCountry "IND"]
[SourceTitle "CBM 170 Extra"]
[Source "ChessBase"]
[SourceDate "2016.02.25"]
[SourceVersion "1"]
[SourceVersionDate "2016.02.25"]
[SourceQuality "1"]

1. e4 c6 2. d4 d5 3. exd5 cxd5 4. h3 Nf6 5. Nf3 Bf5 6. Nc3 e6 7. a3 Bd6 8. Bg5 a6 9. Bd3 Bxd3 10. Qxd3 Nbd7 11. 0-0 Qc7 12. Rfe1 0-0-0 13. b4 h6 14. Bxf6 gxf6 15. b5 a5 16. a4 Bb4 17. Re3 Nb6 18. Nd2 e5 19. Ndb1 e4 20. Qd1 f5 21. Qh5 f4 22. Qf5+ Kb8 23. Re1 Bxc3 24. Nxc3 Qxc3 25. Qxf4+ Qc7 26. Qd2 Nc4 27. Qe2 f5 28. f3 Rhg8 29. fxe4 dxe4 30. c3 Qg3 31. Ra2 Qxc3 32. Rc2 Qxd4+ 33. Kh1 Ne5 34. Rec1 Nd3 35. Rf1 Qe5 36. Rd2 Rgf8 37. Rfd1 Qg3 38. b6 Kc8 39. Rc2+ Kd7 40. Rc7+ Ke6 41. Qa2+ Kf6 42. Qa1+ Qe5 43. Qa2 Nf2+ 44. Kg1 Nxh3+ 45. gxh3 Qg3+ 46. Kf1 Rxd1+ 47. Ke2 Qe1# 0-1

[Event "Mumbai Wealth op U13"]
[Site "Mumbai"]
[Date "2016.02.01"]
[Round "5"]
[White "Arya, Ranjan"]
[Black "Patel, Devdutt"]
[Result "1-0"]
[WhiteElo "1211"]
[BlackElo "1069"]
[PlyCount "75"]
[EventDate "2016.01.28"]
[EventType "swiss"]
[EventRounds "9"]
[EventCountry "IND"]
[SourceTitle "CBM 170 Extra"]
[Source "ChessBase"]
[SourceDate "2016.02.25"]
[SourceVersion "1"]
[SourceVersionDate "2016.02.25"]
[SourceQuality "1"]

1. e4 e5 2. Nf3 Nc6 3. Bc4 Bc5 4. c3 Nf6 5. d3 0-0 6. Nbd2 Re8 7. h3 d6 8. Bb3 d5 9. 0-0 d4 10. c4 Nb4 11. Bc2 Nxc2 12. Qxc2 c6 13. Re1 Qa5 14. Nb3 Qb6 15. Nxc5 Qxc5 16. a3 b5 17. b3 Qd6 18. c5 Qd8 19. Bg5 Be6 20. Qd1 a5 21. Nxe5 Bxh3 22. Nxc6 Qc7 23. Bxf6 Qxc6 24. Bxd4 Be6 25. Bc3 a4 26. d4 Bxb3 27. Qf3 Bc2 28. e5 Qxf3 29. gxf3 Re6 30. Re3 Bb3 31. f4 Rh6 32. Rg3 Bd5 33. f3 Rh4 34. Bd2 Bc4 35. Be3 Rh5 36. Rg2 Rh6 37. Rd2 Rg6+ 38. Kh1 1-0

[Event "Mumbai Wealth op U13"]
[Site "Mumbai"]
[Date "2016.01.31"]
[Round "4"]
[White "Nimdia, Ridit"]
[Black "Arya, Ranjan"]
[Result "1-0"]
[WhiteElo "1567"]
[BlackElo "1211"]
[PlyCount "91"]
[EventDate "2016.01.28"]
[EventType "swiss"]
[EventRounds "9"]
[EventCountry "IND"]
[SourceTitle "CBM 170 Extra"]
[Source "ChessBase"]
[SourceDate "2016.02.25"]
[SourceVersion "1"]
[SourceVersionDate "2016.02.25"]
[SourceQuality "1"]

1. d4 d5 2. Nf3 Nf6 3. e3 e6 4. Bd3 c5 5. b3 Nc6 6. 0-0 Be7 7. Bb2 h6 8. Nbd2 0-0 9. Ne5 Qc7 10. f4 a6 11. g4 Nh7 12. Rf3 Nb4 13. Rh3 Nxd3 14. cxd3 Qd8 15. g5 Bxg5 16. fxg5 Qxg5+ 17. Rg3 Qe7 18. dxc5 f6 19. Ng6 Qxc5 20. Nxf8 Qxf8 21. Qh5 Kh8 22. Nf3 Bd7 23. Nh4 Be8 24. Ng6+ Bxg6 25. Qxg6 e5 26. Ba3 Qg8 27. Rc1 Ng5 28. h4 Ne6 29. Rc2 Rd8 30. Bc1 Rd7 31. e4 d4 32. Rcg2 Qf8 33. Qg4 Qf7 34. Qg6 Qf8 35. Qf5 Qf7 36. Bxh6 gxh6 37. Rg8+ Qxg8 38. Rxg8+ Kxg8 39. Qxe6+ Rf7 40. Kf2 Kf8 41. Kf3 Kg7 42. Kg4 Kg6 43. Qf5+ Kg7 44. Kh5 Kg8 45. Kxh6 Rg7 46. Qc8+ 1-0

[Event "Mumbai Wealth op U13"]
[Site "Mumbai"]
[Date "2016.01.29"]
[Round "2"]
[White "Mullick, Raahil"]
[Black "Arya, Ranjan"]
[Result "1-0"]
[WhiteElo "1584"]
[BlackElo "1211"]
[PlyCount "105"]
[EventDate "2016.01.28"]
[EventType "swiss"]
[EventRounds "9"]
[EventCountry "IND"]
[SourceTitle "CBM 170 Extra"]
[Source "ChessBase"]
[SourceDate "2016.02.25"]
[SourceVersion "1"]
[SourceVersionDate "2016.02.25"]
[SourceQuality "1"]

1. e4 e5 2. Nf3 Nc6 3. Bb5 a6 4. Ba4 Nf6 5. 0-0 d6 6. c3 Bg4 7. Re1 Be7 8. d3 0-0 9. Nbd2 Qc8 10. h3 Bd7 11. Nf1 Nd8 12. Bxd7 Qxd7 13. Ng3 Ne6 14. Nf5 g6 15. Nh6+ Kg7 16. Ng4 Nxg4 17. hxg4 Qd8 18. Qd2 Kg8 19. Qh6 Bf6 20. g3 Bg7 21. Qh3 Qf6 22. Kg2 Rae8 23. g5 Qe7 24. Rh1 h5 25. gxh6 Bf6 26. h7+ Kh8 27. Be3 Bg5 28. Nxg5 Nxg5 29. Qg4 Nxh7 30. Rxh7+ Kxh7 31. Qh3+ Kg8 32. Rh1 f6 33. Qh8+ Kf7 34. Rh7+ Ke6 35. Rxe7+ Kxe7 36. Qg7+ Kd8 37. Bh6 Rg8 38. Qxf6+ Kc8 39. Bg7 Kd7 40. Qxg6 Re7 41. Qf5+ Kc6 42. Bf6 Rf7 43. Qe6 Rgf8 44. Bxe5 Rxf2+ 45. Kh3 R2f7 46. Bf4 Rh8+ 47. Kg2 Rfh7 48. e5 Rh2+ 49. Kf3 Rd8 50. Qc4+ Kd7 51. e6+ Ke8 52. Qxc7 Rh8 53. Qf7# 1-0